World class education : ALX 5L jumpstart for unix professionals (Record no. 182439)

MARC details
000 -LEADER
fixed length control field 00404nam a2200145Ia 4500
008 - FIXED-LENGTH DATA ELEMENTS--GENERAL INFORMATION
fixed length control field 231217s9999 xx 000 0 und d
041 ## - LANGUAGE CODE
Language code of text/sound track or separate title English
082 ## - DEWEY DECIMAL CLASSIFICATION NUMBER
Classification number 371.207 IBM;1 R
100 ## - MAIN ENTRY--PERSONAL NAME
Personal name IBM
245 #0 - TITLE STATEMENT
Title World class education : ALX 5L jumpstart for unix professionals
260 ## - PUBLICATION, DISTRIBUTION, ETC.
Date of publication, distribution, etc. 2001
Name of publisher, distributor, etc. IBM
Place of publication, distribution, etc. US
300 ## - PHYSICAL DESCRIPTION
Extent xxv+15.30
650 ## - SUBJECT ADDED ENTRY--TOPICAL TERM
Topical term or geographic name entry element education,AIX,5L,jumpstart,unix,professionals
942 ## - ADDED ENTRY ELEMENTS (KOHA)
Koha item type Books
Holdings
Date last seen Total checkouts Full call number Accession number Price effective from Category Public note Lost status Damaged status Department Withdrawn status Home library Current library Shelving location Entry date Vendor Grants Billdate Currency symbol Conversion rate Discount Old discount
26/01/2024   371.207 IBM;1 R 53075 26/01/2024 Books Weeded Out 2016     Central Library   Central Library Central Library Central Library   Publisher DONATED 31/07/2012 RS 1    
26/01/2024   371.207 IBM;2 R1 53076 26/01/2024 Books Weeded Out 2016     Central Library   Central Library Central Library Central Library   Publisher DONATED 31/07/2012 RS 1    

© For any Suggestions or Query, please contact the library staff @ librarian@pes.edu or Phone: +9180 2672 1983/ 2108.